¿Do existen depositadas las cenizas de Cristóbal Colón? : (Registro nro. 33118)
[ vista simple ]
| 000 -CABECERA | |
|---|---|
| campo de control de longitud fija | 00487nam a2200133 a 4500 |
| 001 - NÚMERO DE CONTROL | |
| campo de control | 000033627 |
| 005 - FECHA Y HORA DE LA ÚLTIMA TRANSACCIÓN | |
| campo de control | 20200930070409.0 |
| 008 - DATOS DE LONGITUD FIJA--INFORMACIÓN GENERAL | |
| campo de control de longitud fija | 110902s1878 dr 000 0 spa d |
| 040 ## - FUENTE DE LA CATALOGACIÓN | |
| Centro catalogador/agencia de origen | DO-SdBNP |
| Lengua de catalogación | spa |
| Centro/agencia transcriptor | BNPHU |
| 100 1# - ENTRADA PRINCIPAL--NOMBRE DE PERSONA | |
| Nombre de persona | Echeberri, José Manuel de |
| 9 (RLIN) | 59097 |
| 245 10 - MENCIÓN DE TÍTULO | |
| Título | ¿Do existen depositadas las cenizas de Cristóbal Colón? : |
| Resto del título | apuntes al caso en defensa de su conducta oficial / |
| Mención de responsabilidad, etc. | José Manuel de Echeberri. |
| 260 ## - PUBLICACIÓN, DISTRIBUCIÓN, ETC. | |
| Lugar de publicación, distribución, etc. | Santo Domingo : |
| Nombre del editor, distribuidor, etc. | Santander, |
| Fecha de publicación, distribución, etc. | 1878. |
| 300 ## - DESCRIPCIÓN FÍSICA | |
| Extensión | 27 p. ; |
| Dimensiones | 24 cm. |
| Estado de retiro | Estado de pérdida | No para préstamo | Código de colección | Localización permanente | Ubicación/localización actual | Ubicación en estantería | Fecha de adquisición | Número de inventario | Total de préstamos | Signatura topográfica completa | Código de barras | Fecha visto por última vez | Precio válido a partir de | Tipo de ítem Koha |
|---|---|---|---|---|---|---|---|---|---|---|---|---|---|---|
| Excluido de préstamo | Patrimonio Dominicano | Patrimonio Dominicano | Patrimonio Dominicano | En catalogación | 02.09.2011 | LF1 | 33627-10 | 25.06.2020 | 25.06.2020 | Libro y Folleto Colección Patrimonio Dominicano |
